000 03843cam a22012494i 4500
003 PE-LiUPU
005 20250813185345.0
008 150617s r 000 0 d
020 _a8470461605
035 _a(Sirsi) i9788470461606
040 _aPE-LiUPU
_bspa
_cPE-LiUPU
_erda
049 _aPRUA
082 0 4 _a370.1
_bN26
_221
100 1 _aNassif, Ricardo,
_eautor.
245 1 0 _aTeoría de la educación :
_bProblemática pedagógica contemporánea /
_cRicardo Nassif.
264 1 _aMadrid :
_bCincel,
_c1980.
300 _a349 páginas ;
_c24 centímetros
336 _atext
_2rdacontent
337 _aunmediated
_2rdamedia
338 _avolume
_2rdacarrier
490 0 _aBiblioteca de Psicología y Educación ;
_v9
504 _aIncluye bibliografía.
505 0 _aLa educación en la perspectiva de la naturaleza. -La educación en la perspectiva sociológica. -La educación en la perspectiva cultural general. -Hacia una pedagogía de las subculturas. -La educación y las generaciones sociales. -Educación y clases sociales. -Educación y cultura nacionales. -El sujeto de la educación. -El educador y sus imágenes. -Condiciones y riesgos del educador. -La relación educativa. -El proceso educativo. -Fines, leyes y funciones de la educación. -Dialéctica de la educación. -Sistemas y subsistemas educativos. -La educación escolarizada y su cuestionamiento. -Los niveles de la escolaridad. -Contenidos y sectores de la escolaridad. -La educación no formal.
526 _aP202
526 _aP201
526 _aP163
526 _aP162
526 _aP161
526 _aP160
526 _aP148
526 _aP147
526 _aP146
526 _aP145
526 _aP144
526 _aP143
526 _aP142
526 _aP141
526 _aP140
526 _aP139
526 _aP138
526 _aP137
526 _aP136
526 _aP135
526 _aP134
526 _aP133
526 _aP129
526 _aP128
526 _aP127
526 _aP120
526 _aP119
526 _aP118
526 _aP116
526 _aP115
526 _aP114
526 _aP110
526 _aP109
526 _aP108
526 _aP104
526 _aP103
526 _aP102
526 _aP99
526 _aP98
526 _aP97
526 _aP96
526 _aP95
526 _aP93
526 _aP90
526 _aP89
526 _aP88
526 _aP83
526 _aP82
526 _aP62
526 _aP59
526 _aP58
526 _aP57
526 _aP51
526 _aP49
526 _aP48
526 _aP47
526 _aP29
526 _aP24
526 _aP20
526 _aP19
526 _aP17
526 _aP15
526 _aP14
526 _aP12
526 _aP10
526 _aP09
526 _aP08
526 _aP07
526 _aP06
526 _aP05
526 _aP04
526 _aP01
650 0 4 _aEducación
_vTratados, manuales, etc.
910 _ajck
_bjvq
_cjck
_d20150616
942 _2ddc
_cBOOK
949 _a370.1 N26
_wDEWEY
_c1
_i27230
_d2016-10-3
_e2016-10-3
_lCCODEBUL1
_mBUL
_n1
_r0
_sY
_tBOOK
_u2015-6-17
_xEDUCACION
_zUNKNOWN
_0COMPRA
_o.STAFF. Colección General
949 _a370.1 N26
_wDEWEY
_c2
_i25937
_lCCODEBUL1
_mBUL
_r0
_sY
_tBOOK
_u2015-6-17
_xEDUCACION
_zUNKNOWN
_0COMPRA
_o.STAFF. Colección General
994 _aC0
_bPEPRU
596 _a1
999 _a370.1 N26
_wDEWEY
_c16883
_i27230
_d16883
_e2018-3-21
_f2021-11-9
_g5
_lCCODEBUL1
_mBUL
_n4
_r0
_sY
_tBOOK
_u2015-6-17
_xUNKNOWN
_zUNKNOWN
_0COMPRA
_o.STAFF. Colección General
999 _a370.1 N26
_wDEWEY
_c2
_i25937
_d2019-5-28
_f2019-12-10
_g4
_lDISCARD
_mBUL
_q1
_r1
_sY
_tBOOK
_u2015-6-17
_xEDUCACION
_zUNKNOWN
_0COMPRA
_o.STAFF. Colección General
980 _81
_gALBERTO SANCHEZ Responsable de Automatización